Applied Materials & Interfaces
| Format: | Serial |
|---|---|
| Language: | Undetermined |
| Published: |
American Chemical Society
|
| Subjects: | |
| Online Access: | http://pubs.acs.org/journal/aamick |
| LEADER | 00402cas a2200145 4500 | ||
|---|---|---|---|
| 008 | 101111s9999 xx 000 0 und d | ||
| 022 | 0 | |a 1944-8252 | |
| 245 | 0 | 0 | |h [Electronic Respource] |a Applied Materials & Interfaces |
| 260 | |a American Chemical Society | ||
| 310 | |a 12 | ||
| 362 | 0 | |a 2009-present | |
| 500 | |a 2009-present | ||
| 650 | 0 | |a Chemistry | |
| 856 | 4 | |u http://pubs.acs.org/journal/aamick | |
| 999 | |c 10062 |d 10062 | ||